| 000 | 00724nam a2200217Ia 4500 | ||
|---|---|---|---|
| 003 | OSt | ||
| 005 | 20230509145413.0 | ||
| 008 | 210423s2010 xx 000 0 und d | ||
| 020 | _a978-93-80026-33-6 | ||
| 040 | _cAL | ||
| 041 | _aeng | ||
| 082 | _a660.634 PANE | ||
| 100 |
_aPANESAR (Parmjit S );MARWAHA ( Satwinder S );CHOPRA ( Harish K ) _9101224 |
||
| 245 | _aEnzymes in Food processing: fundamentals and potential applications | ||
| 260 |
_aNew Delhi _bI K International Publishing House _c2010 |
||
| 300 |
_axviii,365p _bHB |
||
| 365 |
_b1495 _cINR |
||
| 650 |
_aChemical Engineering _9101225 |
||
| 906 | _aapplications ; Enzymes ; Food ; fundamentals ; potential ; processing ; processing: | ||
| 942 |
_2ddc _cBK |
||
| 999 |
_c165689 _d165689 |
||